|
|
|
|
| LEADER |
00764cam a2200217 7i4500 |
| 001 |
0000013322 |
| 005 |
20151104090000.0 |
| 005 |
##20151104114000.0 |
| 003 |
##MY-KlINT |
| 020 |
# |
# |
|a 9789839445053
|
| 039 |
# |
9 |
|y 201511041140
|z VLOAD
|
| 090 |
0 |
0 |
|a 614.4323
|b MOS
|
| 245 |
0 |
0 |
|a Mosquitoes and mosquito-borne diseases :
|b biology, surveillance, control, personal and public protection measures /
|c editors F.S.P Ng & H.S. Yong.
|
| 260 |
# |
# |
|a Kuala Lumpur:
|b Academy of Sciences Malaysia,
|c 2000.
|
| 300 |
# |
# |
|a ix, 284p:
|b ill;
|c 22cm.
|
| 500 |
# |
# |
|a Includes index
|
| 650 |
# |
0 |
|a Mosquiteos
|
| 650 |
# |
0 |
|a Mosquitoes as carriers of disease
|
| 650 |
# |
0 |
|a Mosquitoes --
|x Control
|
| 710 |
0 |
# |
|a Academy of Sciences Malaysia
|
| 999 |
|
|
|a 1110067322
|b BOOK
|c Main Non-Fiction
|e INTAN BK
|